All 7 Letter Words that Begin With C - Statistics

General Stats
  • This quiz has been taken 15 times
  • The average score is 346 of 3428
Answer Stats
% Correct
chicken
92%
clasped
83%
cooking
83%
calling
75%
campers
75%
camping
75%
candles
75%
carding
75%
carpets
75%
carters
75%
cashing
75%
casting
75%
castles
75%
chanced
75%
chancer
75%
chances
75%
changed
75%
changer
75%
chasing
75%
chipper
75%
cleaner
75%
closing
75%
coaster
75%
compare
75%
cookers
75%
coolers
75%
cooling
75%
coppers
75%
counter
75%
cracked
75%
cracker
75%
cranked
75%
creamed
75%
creemed
75%
callers
67%
cantion
67%
carrier
67%
casters
67%
catcher
67%
changes
67%
chapels
67%
charter
67%
chopper
67%
clasper
67%
cleaned
67%
closers
67%
coasted
67%
coating
67%
cocking
67%
counted
67%
courses
67%
cranker
67%
crapped
67%
crapper
67%
crowded
67%
crowing
67%
cupping
67%
cabling
58%
cackles
58%
calming
58%
cancers
58%
candies
58%
candled
58%
candler
58%
canters
58%
caption
58%
carving
58%
cashier
58%
cassing
58%
catches
58%
cements
58%
chaffed
58%
chalker
58%
chapped
58%
charmed
58%
charmer
58%
charted
58%
chasers
58%
cheeses
58%
chested
58%
choices
58%
chooses
58%
chopped
58%
churchy
58%
claimer
58%
clanged
58%
classes
58%
cleaver
58%
clicker
58%
climbed
58%
climber
58%
clothed
58%
clowned
58%
codding
58%
compels
58%
compete
58%
compute
58%
contain
58%
convert
58%
coopers
58%
copping
58%
costing
58%
coughed
58%
crackle
58%
cramped
58%
crashed
58%
creamer
58%
croaked
58%
croaker
58%
cropped
58%
crowder
58%
curlers
58%
curling
58%
cursing
58%
curtain
58%
cutters
58%
cabbies
50%
cancels
50%
cannons
50%
capital
50%
capping
50%
captain
50%
carders
50%
carried
50%
carting
50%
cartons
50%
carvers
50%
caskets
50%
castled
50%
castors
50%
catched
50%
caveats
50%
caverns
50%
central
50%
chaffer
50%
chained
50%
chainer
50%
chaired
50%
chalked
50%
chanted
50%
chanter
50%
chatter
50%
cheated
50%
cheater
50%
cheered
50%
chimney
50%
chipped
50%
chooser
50%
chuffed
50%
claimed
50%
clamper
50%
clanger
50%
clanked
50%
clapped
50%
clapper
50%
classed
50%
clipped
50%
clipper
50%
clocked
50%
clocker
50%
closets
50%
clothes
50%
clucked
50%
coaters
50%
cockers
50%
coiling
50%
collars
50%
collies
50%
comfort
50%
commons
50%
compile
50%
compose
50%
connect
50%
convent
50%
cookies
50%
cooping
50%
copiers
50%
cording
50%
costers
50%
couples
50%
coursed
50%
courser
50%
courted
50%
covered
50%
coverts
50%
crabbed
50%
crabber
50%
crammed
50%
crashes
50%
craving
50%
crawled
50%
crawler
50%
creased
50%
creaser
50%
creases
50%
created
50%
creator
50%
creeper
50%
cricket
50%
crimped
50%
cringes
50%
cripple
50%
crocked
50%
cropper
50%
crosser
50%
crowned
50%
cuddled
50%
cuddler
50%
cuffing
50%
culling
50%
curving
50%
custard
50%
cutting
50%
cabbing
42%
cackled
42%
cadging
42%
cameras
42%
candied
42%
candors
42%
canning
42%
cappers
42%
carbons
42%
caroler
42%
carpals
42%
carping
42%
carrots
42%
cartoon
42%
caviars
42%
cavings
42%
chafing
42%
chalice
42%
champed
42%
charged
42%
charger
42%
chatted
42%
chattel
42%
cheeked
42%
cheerer
42%
cheesed
42%
chewing
42%
chilled
42%
chinker
42%
chitter
42%
choicer
42%
chokers
42%
choking
42%
chomped
42%
chortle
42%
chowder
42%
chucked
42%
chunked
42%
clacked
42%
clacker
42%
clamped
42%
classer
42%
cleared
42%
clearer
42%
clicked
42%
clinger
42%
cloning
42%
clotted
42%
clotter
42%
clouded
42%
clovers
42%
clubbed
42%
clubber
42%
clumped
42%
cobbing
42%
cobbled
42%
cobbler
42%
cockles
42%
coddles
42%
coffees
42%
coining
42%
combing
42%
commend
42%
commits
42%
compear
42%
complex
42%
concave
42%
condone
42%
confess
42%
confine
42%
congeal
42%
conical
42%
console
42%
content
42%
cooties
42%
cotters
42%
country
42%
coupled
42%
coverer
42%
coveter
42%
cowards
42%
crafted
42%
crammer
42%
crasher
42%
craters
42%
cravats
42%
creates
42%
crimper
42%
cringer
42%
crinkle
42%
crisped
42%
crisper
42%
crooked
42%
crossed
42%
cruises
42%
crushed
42%
crusher
42%
cuddles
42%
cuffers
42%
curried
42%
curtail
42%
cabanas
33%
cabinet
33%
cackler
33%
cajoles
33%
cankers
33%
canners
33%
canoers
33%
canteen
33%
canting
33%
cantons
33%
cantors
33%
capitol
33%
caramel
33%
caravan
33%
careers
33%
careful
33%
carling
33%
carmine
33%
caroled
33%
carport
33%
cascade
33%
casings
33%
catered
33%
catting
33%
causing
33%
ceasing
33%
celling
33%
censors
33%
centaur
33%
centres
33%
cereals
33%
chamber
33%
channel
33%
charges
33%
charlie
33%
charred
33%
chasten
33%
cheaper
33%
checked
33%
checker
33%
cheeker
33%
cheeped
33%
cheeper
33%
chekker
33%
chesses
33%
chewers
33%
chidden
33%
chiefer
33%
childer
33%
chiller
33%
chimers
33%
chiming
33%
chinked
33%
chinned
33%
chippie
33%
chirped
33%
chomper
33%
choring
33%
chowing
33%
chromed
33%
chromes
33%
chucker
33%
chuckle
33%
chukker
33%
circles
33%
clammed
33%
clammer
33%
clawing
33%
cleanse
33%
clearly
33%
cleated
33%
cleaved
33%
cleaves
33%
clinked
33%
cloaked
33%
clopped
33%
clueing
33%
coalers
33%
coaling
33%
coaxing
33%
cobbles
33%
coddled
33%
codeine
33%
codgers
33%
coffins
33%
cohorts
33%
coilers
33%
collect
33%
college
33%
collide
33%
collier
33%
colours
33%
combine
33%
comical
33%
comings
33%
command
33%
comment
33%
commode
33%
compost
33%
concert
33%
confide
33%
confirm
33%
conform
33%
confuse
33%
conkers
33%
conners
33%
conning
33%
conquer
33%
consort
33%
contest
33%
context
33%
convict
33%
copying
33%
corking
33%
corners
33%
cornier
33%
coronet
33%
corpses
33%
correct
33%
corsets
33%
cottons
33%
couched
33%
couches
33%
counsel
33%
coveted
33%
cowling
33%
cradles
33%
crafter
33%
craning
33%
crating
33%
cravers
33%
crazies
33%
credits
33%
crevice
33%
cricked
33%
crimina
33%
cringed
33%
cringey
33%
cringle
33%
critter
33%
crosses
33%
crudely
33%
cruised
33%
cruiser
33%
crumbed
33%
crumble
33%
crumpet
33%
crushes
33%
crusted
33%
cubical
33%
cubicle
33%
curfews
33%
cursors
33%
cushion
33%
cuticle
33%
cutlass
33%
cuttler
33%
cuttles
33%
cabbage
25%
cabbers
25%
cablers
25%
cadaver
25%
caddies
25%
cadgers
25%
cadmium
25%
caimans
25%
cajoled
25%
cajoler
25%
calibre
25%
calicos
25%
caliper
25%
calking
25%
cameral
25%
camming
25%
canapes
25%
candids
25%
candour
25%
caprice
25%
capstan
25%
capsule
25%
captive
25%
carcass
25%
cargoes
25%
carking
25%
carolus
25%
carpers
25%
carries
25%
carrion
25%
cartels
25%
cashews
25%
Caspian
25%
cassies
25%
casuals
25%
cathode
25%
cauking
25%
caulker
25%
caustic
25%
caution
25%
ceiling
25%
cellars
25%
censure
25%
centers
25%
centred
25%
centric
25%
certain
25%
cesspit
25%
chacras
25%
chaises
25%
chakras
25%
chancel
25%
chappie
25%
chappin
25%
chapter
25%
charing
25%
charism
25%
chassis
25%
chaster
25%
cheetah
25%
chemise
25%
chequer
25%
chickee
25%
chiding
25%
chiffon
25%
chocked
25%
choired
25%
choreus
25%
Christs
25%
chugged
25%
chuting
25%
cinches
25%
circled
25%
circler
25%
clamors
25%
clashed
25%
clasher
25%
clatter
25%
cleater
25%
climate
25%
clinker
25%
clomped
25%
cloners
25%
clunked
25%
clunker
25%
coastal
25%
cockies
25%
coddler
25%
codings
25%
coffers
25%
coiners
25%
collage
25%
collate
25%
colling
25%
collude
25%
colonel
25%
columns
25%
combers
25%
commers
25%
commune
25%
commute
25%
compart
25%
compass
25%
comping
25%
compote
25%
conceal
25%
concern
25%
condors
25%
conduce
25%
conduct
25%
conduit
25%
confers
25%
conjoin
25%
conking
25%
consent
25%
consign
25%
consuls
25%
contact
25%
contend
25%
contort
25%
contras
25%
control
25%
conveys
25%
convoys
25%
coolest
25%
cooters
25%
copings
25%
coppery
25%
cordial
25%
corkers
25%
corncob
25%
cornets
25%
corrals
25%
corrupt
25%
cosigns
25%
cosines
25%
cossets
25%
cottage
25%
cotting
25%
coucher
25%
cougars
25%
council
25%
couping
25%
coupler
25%
crackly
25%
cragged
25%
cramper
25%
cranium
25%
crappin
25%
crasser
25%
crazing
25%
crested
25%
cretion
25%
cribbed
25%
cribber
25%
crickey
25%
criming
25%
crimmer
25%
crofter
25%
crooned
25%
crotchy
25%
crowner
25%
crueler
25%
crumple
25%
crystal
25%
cubbies
25%
cubbing
25%
cucking
25%
cuckoos
25%
cunning
25%
cupcake
25%
curdled
25%
curdles
25%
currier
25%
curring
25%
curvier
25%
cushier
25%
cuttled
25%
cyclers
25%
cabanes
17%
cabaret
17%
cabined
17%
cablets
17%
caching
17%
cacking
17%
cadence
17%
caesium
17%
cagging
17%
cagiest
17%
cahoots
17%
caliphs
17%
callous
17%
callout
17%
calumny
17%
calving
17%
cambers
17%
camises
17%
campion
17%
canasta
17%
candida
17%
canines
17%
caninus
17%
cankles
17%
cannery
17%
cannoli
17%
cantars
17%
cantata
17%
cantina
17%
cantles
17%
canyons
17%
capered
17%
capfuls
17%
capitan
17%
caplets
17%
capsize
17%
capture
17%
carabin
17%
caracal
17%
carafes
17%
carbine
17%
cardiac
17%
carfare
17%
carline
17%
carload
17%
carnage
17%
caroche
17%
carolin
17%
carotid
17%
carouse
17%
carpool
17%
carroty
17%
cartier
17%
carvery
17%
cassino
17%
castile
17%
catalog
17%
catcall
17%
caterer
17%
catfish
17%
cathead
17%
catnips
17%
catsups
17%
cattalo
17%
cattery
17%
caulked
17%
cavorts
17%
centile
17%
centime
17%
century
17%
cerises
17%
chackle
17%
chafers
17%
chamois
17%
channer
17%
chapman
17%
chapmen
17%
chappes
17%
charade
17%
chariot
17%
charity
17%
Charles
17%
charmen
17%
charrer
17%
chasmed
17%
chateau
17%
chawing
17%
cheaply
17%
chemist
17%
cherish
17%
chiefly
17%
chining
17%
chirred
17%
chisels
17%
chorale
17%
chrisms
17%
christy
17%
chronic
17%
chugger
17%
churned
17%
cinched
17%
cincher
17%
cinemas
17%
circlet
17%
circuit
17%
cistern
17%
clanned
17%
clarets
17%
clashes
17%
classic
17%
clauses
17%
clefted
17%
clement
17%
clinged
17%
clippie
17%
clobber
17%
clogged
17%
clogger
17%
clonked
17%
closely
17%
closest
17%
closure
17%
clouted
17%
cluster
17%
coached
17%
coacher
17%
coaches
17%
cobbers
17%
cobbras
17%
cocaine
17%
cockier
17%
cockled
17%
cockler
17%
cockpit
17%
coconut
17%
cocoons
17%
coeliac
17%
cogging
17%
coldest
17%
collard
17%
collied
17%
colones
17%
colonia
17%
colonic
17%
colonus
17%
colored
17%
colters
17%
comedic
17%
comfier
17%
commies
17%
compact
17%
company
17%
compere
17%
comrade
17%
concede
17%
concept
17%
conched
17%
conches
17%
concord
17%
concurs
17%
condole
17%
condoms
17%
congers
17%
congest
17%
congrue
17%
consult
17%
consume
17%
contour
17%
convect
17%
convene
17%
cooches
17%
coochie
17%
cookery
17%
cookout
17%
coolant
17%
copilot
17%
coppice
17%
coppies
17%
coracle
17%
cordate
17%
corders
17%
cordier
17%
cordons
17%
corneal
17%
cornice
17%
corning
17%
corpora
17%
corries
17%
corsair
17%
corvids
17%
corvine
17%
coshers
17%
cosiest
17%
costume
17%
coupers
17%
courtly
17%
cousins
17%
cowboys
17%
cowered
17%
cowlick
17%
cradled
17%
cradler
17%
crampon
17%
cranial
17%
crankle
17%
craping
17%
crazier
17%
creches
17%
creeded
17%
creepie
17%
cremant
17%
cresses
17%
cretins
17%
crewing
17%
cribble
17%
crimple
17%
crimson
17%
crinked
17%
crinkly
17%
crisses
17%
croceus
17%
crooner
17%
croquet
17%
crouton
17%
cruelly
17%
crumbly
17%
crumped
17%
crunchy
17%
crupper
17%
crustal
17%
cuckold
17%
cullers
17%
cumbers
17%
cumming
17%
cunners
17%
curbing
17%
curding
17%
curlier
17%
curries
17%
Cushing
17%
cuspids
17%
cusping
17%
cutlery
17%
cycling
17%
cyclops
17%
cynical
17%
caaming
8%
caballo
8%
cabasas
8%
cabbagy
8%
cabbala
8%
cabezon
8%
cabildo
8%
caboose
8%
cabrito
8%
cachaca
8%
cacodyl
8%
caconym
8%
caddied
8%
caddish
8%
caddled
8%
caddles
8%
cadelle
8%
cadenza
8%
cadgily
8%
caeomas
8%
Caesars
8%
caesura
8%
caftans
8%
caisson
8%
caitiff
8%
cajones
8%
cajuput
8%
cakiest
8%
calabas
8%
calamus
8%
calando
8%
calcify
8%
calcine
8%
calcite
8%
calcium
8%
caldera
8%
caldron
8%
calesas
8%
Caliban
8%
caliber
8%
calicle
8%
calines
8%
calipee
8%
caliver
8%
calkers
8%
callais
8%
callant
8%
callboy
8%
callops
8%
callose
8%
calmest
8%
calmier
8%
calomel
8%
caloric
8%
calorie
8%
calotte
8%
calques
8%
caltrop
8%
calvary
8%
calvers
8%
calyces
8%
calypso
8%
calzone
8%
cambios
8%
cambrel
8%
cambric
8%
camelia
8%
Camelot
8%
Camelus
8%
cameoed
8%
camisas
8%
camlets
8%
camphol
8%
camphor
8%
campier
8%
campout
8%
camwood
8%
canakin
8%
canaled
8%
cancans
8%
canchas
8%
canches
8%
candela
8%
canella
8%
canelos
8%
cangled
8%
cangles
8%
cangues
8%
caniest
8%
cannels
8%
cannier
8%
cannily
8%
cannula
8%
canolas
8%
Canopus
8%
cansful
8%
cantala
8%
cantals
8%
canthus
8%
cantico
8%
cantrip
8%
canulas
8%
canzone
8%
capable
8%
capataz
8%
capeesh
8%
capelet
8%
capelin
8%
capelle
8%
capette
8%
caporal
8%
capotes
8%
cappier
8%
caprine
8%
caprock
8%
captans
8%
captors
8%
capuche
8%
Capulet
8%
carates
8%
caraway
8%
carbarn
8%
carbeen
8%
carbene
8%
carbide
8%
carboys
8%
carcase
8%
carcoon
8%
cardias
8%
cardoon
8%
careens
8%
carenes
8%
carhops
8%
caribes
8%
caribou
8%
carinas
8%
carioca
8%
cariole
8%
carious
8%
carissa
8%
carless
8%
carlets
8%
carlies
8%
carlins
8%
Carlist
8%
carlots
8%
carnets
8%
carneys
8%
carnies
8%
carnose
8%
caromed
8%
carotin
8%
carpale
8%
carrack
8%
carrels
8%
carreta
8%
carrows
8%
carshop
8%
carsick
8%
cartage
8%
cartful
8%
carvels
8%
casabas
8%
casebox
8%
caseous
8%
casette
8%
casinos
8%
casitas
8%
casques
8%
cassaba
8%
cassava
8%
cassias
8%
cassone
8%
castoff
8%
casuist
8%
catagen
8%
catalpa
8%
catarrh
8%
catbird
8%
catenas
8%
catfall
8%
cathair
8%
cathect
8%
cathing
8%
catlike
8%
catmint
8%
catnaps
8%
catsuit
8%
cattail
8%
cattier
8%
cattish
8%
cauchos
8%
caudate
8%
cauline
8%
causers
8%
causses
8%
cauters
8%
cavalla
8%
cavalry
8%
caveman
8%
cavemen
8%
caviary
8%
cayenne
8%
caymans
8%
cedilla
8%
celadon
8%
celesta
8%
celeste
8%
cellies
8%
cellist
8%
cellule
8%
Celsius
8%
Celtics
8%
celtuce
8%
cenacle
8%
cenizos
8%
cenotes
8%
censers
8%
centavo
8%
centrad
8%
centros
8%
ceramal
8%
ceramic
8%
ceresin
8%
ceriums
8%
certify
8%
cerulea
8%
ceruses
8%
cerveza
8%
cervine
8%
cession
8%
cestode
8%
cetanes
8%
ceviche
8%
Chablis
8%
chadors
8%
chagrin
8%
chaines
8%
challah
8%
challis
8%
chalupa
8%
chalutz
8%
chametz
8%
chamise
8%
chamoix
8%
chancos
8%
changas
8%
Changos
8%
chanson
8%
chaotic
8%
chapati
8%
chapeau
8%
chapins
8%
charcos
8%
charier
8%
charked
8%
chassed
8%
chasses
8%
cheapen
8%
cheapie
8%
Chechen
8%
checkle
8%
cheddar
8%
cheerly
8%
cheetal
8%
chemics
8%
cheroot
8%
chervil
8%
chevron
8%
chewier
8%
chichis
8%
chicory
8%
chiffer
8%
chigger
8%
childly
8%
Chilean
8%
chilies
8%
chillis
8%
chimera
8%
chinars
8%
Chinese
8%
chinkle
8%
Chinook
8%
chitted
8%
chlorin
8%
chokeys
8%
chokier
8%
cholera
8%
choller
8%
choosey
8%
chorded
8%
choreas
8%
chorees
8%
choughs
8%
chouses
8%
chuckie
8%
chumble
8%
chummed
8%
chummer
8%
chunkey
8%
chunter
8%
churred
8%
churros
8%
churrus
8%
chutney
8%
chutzpa
8%
cinders
8%
cindery
8%
ciphers
8%
circusy
8%
citrusy
8%
civilly
8%
clabber
8%
cladded
8%
clamber
8%
clamour
8%
clarify
8%
clarion
8%
clarity
8%
claxons
8%
clayman
8%
claymen
8%
Clayton
8%
cleanly
8%
clerked
8%
clewing
8%
cliched
8%
cliches
8%
cliffed
8%
clinics
8%
cliques
8%
clocher
8%
cloches
8%
cloured
8%
clovery
8%
clowder
8%
cloying
8%
clubman
8%
clubmen
8%
clutter
8%
coalpit
8%
coarser
8%
Coastie
8%
cobwebs
8%
cockets
8%
codhead
8%
codicil
8%
coexist
8%
coffing
8%
coggers
8%
coggled
8%
coggles
8%
cohabit
8%
cohosts
8%
coiffed
8%
coinage
8%
coldish
8%
collins
8%
cologne
8%
colorer
8%
comfits
8%
commote
8%
conceit
8%
concent
8%
concher
8%
concise
8%
concoct
8%
concuss
8%
condemn
8%
confabs
8%
confect
8%
confits
8%
conicle
8%
conifer
8%
conjure
8%
connive
8%
connote
8%
consist
8%
conster
8%
contuse
8%
convive
8%
cooncan
8%
cooners
8%
coonily
8%
coopery
8%
copious
8%
copters
8%
copulas
8%
copyist
8%
cordoba
8%
corkier
8%
corneas
8%
cornels
8%
Cornish
8%
coronas
8%
coroner
8%
correal
8%
correas
8%
corrido
8%
corrode
8%
corsage
8%
corsing
8%
cortege
8%
coshing
8%
cosplay
8%
costars
8%
cotched
8%
cotches
8%
coterie
8%
cottles
8%
cottony
8%
couchee
8%
couplet
8%
coupons
8%
courage
8%
courier
8%
cowbell
8%
cowgirl
8%
cowhide
8%
cowlike
8%
cowpoke
8%
cowrite
8%
cowtail
8%
coyotes
8%
coziest
8%
crabier
8%
cranets
8%
cranies
8%
crappie
8%
crassly
8%
cravens
8%
crawdad
8%
crawlie
8%
crayers
8%
crayons
8%
crazily
8%
creaked
8%
creedal
8%
creeled
8%
creeler
8%
creetur
8%
cremate
8%
crepier
8%
crestal
8%
crewers
8%
crimine
8%
crispen
8%
crispin
8%
critics
8%
crochet
8%
crocket
8%
Croesus
8%
cronies
8%
cronked
8%
croppie
8%
crottal
8%
crottle
8%
croutes
8%
crowbar
8%
crownal
8%
crucial
8%
crucify
8%
crudded
8%
cruddle
8%
crudest
8%
crumply
8%
crusade
8%
Crusoes
8%
cubbers
8%
cubists
8%
cuboids
8%
cudgels
8%
cuirass
8%
cultist
8%
culture
8%
cummers
8%
cupfuls
8%
cuppens
8%
cuppier
8%
cuppins
8%
curable
8%
curated
8%
curates
8%
curator
8%
curious
8%
current
8%
cursory
8%
curtsey
8%
cussing
8%
cutches
8%
cutlers
8%
cyborgs
8%
cyclics
8%
cyclone
8%
cymbals
8%
cyphers
8%
Cypriot
8%
czarina
8%
cabalas
0%
cabalic
0%
Cabecar
0%
Cabeiri
0%
cabette
0%
cabezas
0%
cablese
0%
caboclo
0%
Cabomba
0%
cabooks
0%
cabouca
0%
cabrees
0%
cabrets
0%
cabries
0%
cabrits
0%
cabujas
0%
cabulla
0%
cabuyas
0%
cacadas
0%
Cacajao
0%
cacalia
0%
Cacatua
0%
cacaxte
0%
caccias
0%
Cachari
0%
Cachars
0%
cachaza
0%
cachets
0%
cachexy
0%
cachina
0%
cachous
0%
cachuas
0%
cachuca
0%
Cacicus
0%
cacique
0%
cacoepy
0%
cacoons
0%
cadbait
0%
caddice
0%
Caddoan
0%
caddows
0%
cadency
0%
caderas
0%
Cadette
0%
cadjans
0%
Cadmean
0%
caducei
0%
Caduveo
0%
caestus
0%
cafards
0%
cafeneh
0%
cafenet
0%
cafetal
0%
caffeol
0%
caffled
0%
caffles
0%
cafilas
0%
Cagabas
0%
cageful
0%
cageman
0%
cagemen
0%
cagmags
0%
cahiers
0%
Cahitas
0%
cahnite
0%
caimito
0%
caingin
0%
Caingua
0%
Cainite
0%
caiques
0%
Cairene
0%
cairned
0%
cajangs
0%
Cajanus
0%
cajeput
0%
calabar
0%
calaber
0%
calaite
0%
calalus
0%
calanid
0%
Calanus
0%
Calappa
0%
calathi
0%
calcars
0%
calceus
0%
calcino
0%
calculi
0%
caleans
0%
caleche
0%
calenda
0%
calends
0%
calesin
0%
Caliana
0%
calices
0%
caliche
0%
caligae
0%
caligos
0%
calinda
0%
calinut
0%
Caliroa
0%
calkins
0%
callees
0%
callets
0%
Calluna
0%
calmant
0%
calmato
0%
calmuck
0%
calomba
0%
calombo
0%
calools
0%
Caloosa
0%
caloris
0%
caloyer
0%
calpack
0%
calpacs
0%
caltrap
0%
calumba
0%
calumet
0%
calusar
0%
Calusas
0%
calycle
0%
calymma
0%
calyxes
0%
calzoni
0%
camacas
0%
camagon
0%
camaieu
0%
camails
0%
camakas
0%
camalig
0%
camanay
0%
camansi
0%
camaras
0%
camases
0%
camatas
0%
camauro
0%
cambaye
0%
cambial
0%
cambism
0%
cambist
0%
cambium
0%
camblet
0%
camboge
0%
cambril
0%
cameist
0%
camelid
0%
camelry
0%
camerae
0%
camgirl
0%
camions
0%
cammock
0%
camogie
0%
camoodi
0%
camorra
0%
camotes
0%
campana
0%
campily
0%
Campine
0%
campled
0%
camples
0%
campman
0%
campmen
0%
campong
0%
Campsis
0%
canader
0%
canadol
0%
canaler
0%
canales
0%
canalis
0%
Cananga
0%
canards
0%
canaris
0%
Canavan
0%
cancion
0%
cancrid
0%
candent
0%
Candiot
0%
candiru
0%
candite
0%
candock
0%
canelas
0%
canepin
0%
canfuls
0%
cangias
0%
cangued
0%
Canidae
0%
canikin
0%
canions
0%
cankery
0%
cannach
0%
canonic
0%
canonry
0%
Canopic
0%
Canossa
0%
Cantabs
0%
canthal
0%
cantiga
0%
cantily
0%
cantino
0%
cantlet
0%
cantred
0%
cantref
0%
cantuta
0%
cantuts
0%
Canucks
0%
canulae
0%
canvass
0%
canzoni
0%
canzons
0%
caoines
0%
capably
0%
capatas
0%
capcase
0%
capcoms
0%
Capella
0%
Capgras
0%
capiche
0%
capilli
0%
capisce
0%
capitis
0%
capivis
0%
capless
0%
capling
0%
caplock
0%
capmint
0%
capolin
0%
capomos
0%
caponet
0%
cappies
0%
caprate
0%
caprese
0%
caprids
0%
caprify
0%
caprins
0%
caproin
0%
caproyl
0%
capryls
0%
Capsian
0%
capsids
0%
capsula
0%
captcha
0%
capulin
0%
capulis
0%
carabao
0%
carabid
0%
carabus
0%
caracoa
0%
caracos
0%
caracts
0%
caracul
0%
caraibe
0%
caraipe
0%
caraipi
0%
Carajas
0%
caranas
0%
caranda
0%
caranna
0%
carapas
0%
carapax
0%
Carapus
0%
carauna
0%
caravel
0%
Carayas
0%
carbona
0%
carbora
0%
carbros
0%
carbyls
0%
carbyne
0%
carceag
0%
carcels
0%
Cardans
0%
cardecu
0%
cardels
0%
cardiae
0%
cardita
0%
cardite
0%
cardona
0%
cardons
0%
Carduus
0%
Caretta
0%
carfour
0%
carfuls
0%
cariama
0%
Carians
0%
Caribal
0%
Cariban
0%
Caribee
0%
carices
0%
caridea
0%
Carides
0%
carinae
0%
carinal
0%
carinii
0%
Cariris
0%
caritas
0%
carjack
0%
carlina
0%
carlino
0%
carlish
0%
Carlism
0%
carmina
0%
carnate
0%
Carneau
0%
carneol
0%
carnify
0%
carobas
0%
caroome
0%
carotol
0%
carotte
0%
carpels
0%
Carrara
0%
carrizo
0%
carryon
0%
cartman
0%
cartmen
0%
cartway
0%
carvene
0%
carvols
0%
carvone
0%
Caryota
0%
casabes
0%
casalty
0%
casaque
0%
Casasia
0%
casbahs
0%
cascado
0%
cascara
0%
casease
0%
caseate
0%
caseins
0%
caselty
0%
caseosa
0%
caserne
0%
caserns
0%
cashaws
0%
cashbox
0%
cashboy
0%
Cashibo
0%
casinet
0%
caspase
0%
casqued
0%
casquet
0%
cassata
0%
cassate
0%
cassena
0%
cassina
0%
cassine
0%
cassiri
0%
Cassite
0%
cassock
0%
cassoni
0%
cassons
0%
cassoon
0%
castana
0%
castlet
0%
castock
0%
castory
0%
castrum
0%
casulas
0%
Cataian
0%
Catalan
0%
Catalin
0%
catalos
0%
catapan
0%
cataria
0%
Catawba
0%
catboat
0%
catchup
0%
catclaw
0%
catechu
0%
catenae
0%
catenin
0%
cateran
0%
catface
0%
catfits
0%
catfoot
0%
catguts
0%
Cathari
0%
Cathars
0%
cathole
0%
cathops
0%
catinga
0%
cations
0%
cativos
0%
catjang
0%
catkins
0%
catlaps
0%
catline
0%
catling
0%
catlins
0%
catneps
0%
Catonic
0%
catouse
0%
catskin
0%
catstep
0%
cattans
0%
catties
0%
cattily
0%
catwalk
0%
catwort
0%
catydid
0%
caubeen
0%
cauches
0%
Caudata
0%
caudles
0%
caulken
0%
cauloid
0%
caulome
0%
Cauquis
0%
causata
0%
causeur
0%
causeys
0%
cautels
0%
cautery
0%
cautivo
0%
cavallo
0%
cavally
0%
caveare
0%
caveola
0%
caveson
0%
cavetti
0%
cavetto
0%
caviare
0%
caviled
0%
caviler
0%
Cavinas
0%
cavvies
0%
Cawahib
0%
cawkier
0%
cawking
0%
cawquaw
0%
Cayabis
0%
Cayapas
0%
Cayapos
0%
cayucas
0%
cayucos
0%
Cayugan
0%
Cayugas
0%
cayuses
0%
Cazcans
0%
cazique
0%
Cebatha
0%
cebells
0%
Cebidae
0%
Cebuano
0%
Cebuans
0%
cecally
0%
cecidia
0%
cecitis
0%
cedents
0%
cedrate
0%
cedrats
0%
Cedrela
0%
cedrene
0%
cedrols
0%
cedrons
0%
cedulas
0%
ceilidh
0%
celiacs
0%
celites
0%
cellose
0%
cellula
0%
celomic
0%
celosia
0%
celsian
0%
Celtist
0%
celtium
0%
cembali
0%
cembalo
0%
cementa
0%
cendals
0%
cendres
0%
cenobes
0%
cenobia
0%
censing
0%
censive
0%
censual
0%
centage
0%
centals
0%
centare
0%
centimo
0%
centims
0%
centner
0%
centoes
0%
centrum
0%
cephala
0%
Cepheid
0%
Cepheus
0%
Cerasus
0%
cerated
0%
cerates
0%
ceratin
0%
Cerberi
0%
cercles
0%
cerebel
0%
cerebra
0%
cerebri
0%
cereous
0%
cerezas
0%
cerides
0%
cerillo
0%
ceriman
0%
cerines
0%
cerions
0%
ceriops
0%
cerites
0%
cermets
0%
ceroids
0%
ceromas
0%
ceroons
0%
Certhia
0%
certies
0%
cerumen
0%
cervids
0%
cervoid
0%
cesiums
0%
cessers
0%
cessios
0%
Cestida
0%
Cestoda
0%
cestons
0%
Cestrum
0%
cestuis
0%
cesures
0%
Cetacea
0%
cetenes
0%
cevians
0%
cevines
0%
Chabert
0%
chacate
0%
chacmas
0%
Chacmol
0%
Chacobo
0%
chacram
0%
Chadian
0%
Chadics
0%
chaebol
0%
chaetae
0%
chaetal
0%
chafron
0%
chagals
0%
chagoma
0%
chaguar
0%
chaguls
0%
Chaimas
0%
Chaitra
0%
chaitya
0%
chakari
0%
chakars
0%
chakdar
0%
chakram
0%
chalaco
0%
chalans
0%
Chalara
0%
chalaza
0%
chalcid
0%
Chaldee
0%
chalder
0%
chalets
0%
Chalina
0%
challas
0%
challot
0%
chalmer
0%
chalone
0%
chaluka
0%
chamade
0%
chamars
0%
chamfer
0%
chamisa
0%
chamiso
0%
chamite
0%
chamlet
0%
chammas
0%
chammed
0%
champac
0%
champak
0%
Champas
0%
chamsin
0%
chancre
0%
chandoo
0%
chandul
0%
chandus
0%
chanked
0%
chanoyu
0%
chansts
0%
chantey
0%
chantry
0%
chaoses
0%
chaplet
0%
chapons
0%
chapote
0%
chappow
0%
charact
0%
charbon
0%
Charcot
0%
charets
0%
charily
0%
charkas
0%
charkha
0%
charley
0%
charman
0%
charnel
0%
charpie
0%
charpit
0%
charpoy
0%
charque
0%
charqui
0%
charros
0%
Charrua
0%
chartae
0%
chasmal
0%
chasmas
0%
chasmic
0%
chassez
0%
Chassid
0%
Chastek
0%
chatbot
0%
Chatino
0%
chatons
0%
Chatots
0%
chattak
0%
chattas
0%
chaumer
0%
chaunts
0%
chauris
0%
chavels
0%
chavish
0%
Chawngs
0%
Chaymas
0%
chayote
0%
Chazars
0%
chazzan
0%
cheatry
0%
chebeck
0%
chebecs
0%
Chebero
0%
chebogs
0%
chebule
0%
chechem
0%
chechia
0%
checkup
0%
chedars
0%
cheders
0%
Chediak
0%
cheecha
0%
cheeney
0%
cheerio
0%
cheetul
0%
chefdom
0%
chefing
0%
chekist
0%
chelate
0%
cheloid
0%
chelone
0%
chelped
0%
Chelura
0%
chemick
0%
chemism
0%
chenars
0%
Chenchu
0%
cheneau
0%
chenets
0%
chengal
0%
Chenins
0%
chequey
0%
chequin
0%
Cheraws
0%
cherems
0%
Chermes
0%
chernas
0%
cherubs
0%
chesnut
0%
chessel
0%
chesset
0%
chessom
0%
Chesvan
0%
Chetcos
0%
Chetnik
0%
chetrum
0%
chettie
0%
chettis
0%
chevage
0%
chevees
0%
chevets
0%
chevins
0%
cheviot
0%
chevons
0%
chevres
0%
chevret
0%
chewets
0%
chewink
0%
cheyney
0%
chhatri
0%
chiacks
0%
Chianti
0%
chiasma
0%
chiasmi
0%
chiasms
0%
Chibcha
0%
chibouk
0%
Chicana
0%
chicane
0%
Chicano
0%
chicest
0%
chichas
0%
chiches
0%
chicles
0%
Chicoms
0%
chicote
0%
chicots
0%
chidras
0%
chiefry
0%
chields
0%
chieved
0%
chieves
0%
chiffre
0%
chignon
0%
chigoes
0%
chikara
0%
chikees
0%
Chilcat
0%
chileno
0%
chiliad
0%
Chilian
0%
Chilkat
0%
chillax
0%
chillum
0%
chiltes
0%
Chilula
0%
chilver
0%
chimbly
0%
chimere
0%
chimick
0%
Chimila
0%
chimist
0%
chimley
0%
chinafy
0%
Chincha
0%
chinchy
0%
chindee
0%
chindis
0%
chinela
0%
chinele
0%
chingma
0%
chinins
0%
Chinipa
0%
chinone
0%
chinsed
0%
chinses
0%
chintze
0%
chintzy
0%
Chipaya
0%
chiplet
0%
chipman
0%
chipmen
0%
chipres
0%
chipset
0%
chirata
0%
Chirino
0%
chiripa
0%
chirked
0%
chirled
0%
chirmed
0%
chirrup
0%
Chishti
0%
Chislev
0%
chisset
0%
chistka
0%
chitins
0%
chitons
0%
chitose
0%
chittak
0%
chiurms
0%
chivage
0%
chivari
0%
chivens
0%
chiveys
0%
chivied
0%
chivies
0%
Chiwere
0%
chlamys
0%
Chleuhs
0%
chloral
0%
chlored
0%
chlores
0%
chloric
0%
Chloris
0%
choanae
0%
choanal
0%
chobdar
0%
chobies
0%
chochem
0%
chochos
0%
Choctaw
0%
choffer
0%
chogset
0%
choiled
0%
Chokmah
0%
chokras
0%
Chokwes
0%
cholams
0%
cholane
0%
cholate
0%
choleic
0%
cholent
0%
cholers
0%
choline
0%
chollas
0%
chometz
0%
chondre
0%
chondri
0%
chonked
0%
Chonoan
0%
Chontal
0%
chontas
0%
chookie
0%
Chopart
0%
chopdar
0%
chopine
0%
choragi
0%
chordae
0%
chordal
0%
chordee
0%
choregi
0%
choreic
0%
chorial
0%
chorine
0%
chorion
0%
chorist
0%
chorizo
0%
chorogi
0%
choroid
0%
Choroti
0%
chorten
0%
Chortis
0%
Chorwat
0%
Chouans
0%
chounce
0%
chounse
0%
choupic
0%
choused
0%
chowrie
0%
chrisma
0%
chrisom
0%
chroman
0%
chromas
0%
chromia
0%
chromic
0%
chromis
0%
chromos
0%
chromyl
0%
chronal
0%
chrotta
0%
chrysal
0%
chrysin
0%
Chrysis
0%
chrysom
0%
Chuangs
0%
chuchos
0%
chuddar
0%
chudder
0%
chuetas
0%
chuhras
0%
chukars
0%
Chukchi
0%
chukkas
0%
chulhas
0%
chullos
0%
chullpa
0%
chulpas
0%
chultun
0%
Chumash
0%
chumpas
0%
chunams
0%
Chuncho
0%
chungas
0%
Chunupi
0%
chupahs
0%
chupons
0%
chupoth
0%
chuppah
0%
chuppas
0%
chuppot
0%
Churapa
0%
churels
0%
Churoya
0%
chutist
0%
Chuvash
0%
chuzwis
0%
chylify
0%
chyloid
0%
chylous
0%
chymase
0%
chymify
0%
chymist
0%
chymous
0%
chypres
0%
chyrons
0%
chytrae
0%
chytrai
0%
chytrid
0%
cibaria
0%
Cibecue
0%
Cibolan
0%
Ciboney
0%
ciboria
0%
ciboule
0%
cibouls
0%
cicadae
0%
cicadas
0%
cicalas
0%
cichlid
0%
Ciconia
0%
cidares
0%
cidarid
0%
cidaris
0%
cieling
0%
cienaga
0%
cienega
0%
cigalas
0%
cigales
0%
cigaret
0%
cigarro
0%
ciggies
0%
ciliary
0%
Ciliata
0%
ciliate
0%
cilices
0%
ciliola
0%
ciliums
0%
cillery
0%
cimbias
0%
cimblin
0%
Cimbric
0%
cimelia
0%
cimeter
0%
cimices
0%
cimicid
0%
cinchas
0%
Cinclus
0%
cineast
0%
cineole
0%
cinerea
0%
cinerin
0%
cinesis
0%
cingles
0%
cingula
0%
cinques
0%
cipolin
0%
Circaea
0%
circars
0%
Circean
0%
circuli
0%
cirques
0%
cirrate
0%
cirrhus
0%
cirrose
0%
cirrous
0%
Cirsium
0%
cirsoid
0%
ciruela
0%
ciscoes
0%
ciseaux
0%
cishets
0%
cissies
0%
cissing
0%
cissoid
0%
cistron
0%
Cistudo
0%
citable
0%
citadel
0%
citator
0%
cithara
0%
cithern
0%
cithers
0%
cithren
0%
citizen
0%
citolas
0%
citoler
0%
citoles
0%
citrals
0%
citrate
0%
citrean
0%
citrene
0%
citrine
0%
citrins
0%
citrons
0%
citrous
0%
cittern
0%
cityite
0%
civetta
0%
civiler
0%
civisms
0%
Civitan
0%
civitas
0%
civvies
0%
cixiids
0%
clachan
0%
clacket
0%
cladism
0%
cladist
0%
cladode
0%
cladose
0%
clagged
0%
claggum
0%
claires
0%
clairon
0%
Clallam
0%
clamant
0%
clangor
0%
clapnet
0%
claques
0%
clarain
0%
clarety
0%
Clarias
0%
claries
0%
clarina
0%
clarini
0%
clarino
0%
clarins
0%
clarkia
0%
clarone
0%
claroni
0%
clarted
0%
classis
0%
clastic
0%
clatchy
0%
Clatsop
0%
clatted
0%
clauber
0%
claucht
0%
claught
0%
clausal
0%
clauted
0%
clavate
0%
clavels
0%
clavers
0%
clavier
0%
claviol
0%
clavola
0%
clawked
0%
clayish
0%
claypan
0%
cleaded
0%
cleamed
0%
cleanup
0%
clechee
0%
clecked
0%
clemmed
0%
Clemmys
0%
cleoids
0%
cleomes
0%
Cleonus
0%
cleping
0%
clerics
0%
clerids
0%
clerisy
0%
clerkly
0%
cleruch
0%
Clethra
0%
cleuchs
0%
cleughs
0%
clevies
0%
clicket
0%
clients
0%
cliners
0%
clionas
0%
cliones
0%
cliquey
0%
clisere
0%
clitics
0%
clition
0%
clitter
0%
clivers
0%
clivias
0%
cloacae
0%
cloacal
0%
cloamen
0%
clodlet
0%
clogwyn
0%
cloison
0%
cloited
0%
clonism
0%
Clootie
0%
cloques
0%
closens
0%
closhes
0%
closish
0%
clotbur
0%
cloture
0%
clovene
0%
Cluniac
0%
clunter
0%
clupeid
0%
clupein
0%
clusias
0%
cluther
0%
Clutton
0%
clypeal
0%
clypeus
0%
clyping
0%
clyssus
0%
clyster
0%
clyting
0%
cnemial
0%
Cneorum
0%
coachee
0%
coacted
0%
coactee
0%
coactor
0%
coagels
0%
coagent
0%
coagula
0%
coaitas
0%
coaking
0%
coakums
0%
coalier
0%
coalies
0%
coalify
0%
coalite
0%
coaming
0%
coapted
0%
coarcts
0%
coarsen
0%
coatees
0%
coaxial
0%
cobalts
0%
cobangs
0%
cobbier
0%
cobegos
0%
cobiron
0%
cobless
0%
cobnuts
0%
cobolas
0%
cobwork
0%
Cocamas
0%
cocarde
0%
coccids
0%
coccoid
0%
coccous
0%
cochair
0%
cochals
0%
cochers
0%
cochief
0%
Cochimi
0%
Cochins
0%
Cochiti
0%
cochlea
0%
cockade
0%
cockals
0%
cockeye
0%
cockily
0%
cockney
0%
cockshy
0%
cocomat
0%
coconas
0%
Cocopah
0%
cocopan
0%
Cocopas
0%
Cocoras
0%
cocotte
0%
cocoyam
0%
coctile
0%
cocting
0%
coction
0%
codable
0%
codbait
0%
codbank
0%
codetta
0%
codfish
0%
codical
0%
codices
0%
codimer
0%
codling
0%
codlins
0%
codrive
0%
codrove
0%
codworm
0%
coedits
0%
coehorn
0%
Coelata
0%
coeliae
0%
coeline
0%
coelins
0%
coeloms
0%
coendou
0%
coenobe
0%
coenoby
0%
coenuri
0%
coequal
0%
coerced
0%
coerces
0%
coesite
0%
coevals
0%
coffles
0%
coffres
0%
coffret
0%
cofound
0%
cogency
0%
cogener
0%
Coggins
0%
cogidas
0%
cogitos
0%
cognacs
0%
cognate
0%
cognati
0%
cognize
0%
cogonal
0%
cograil
0%
cogroad
0%
cogways
0%
cogwood
0%
coheads
0%
coheirs
0%
cohered
0%
coherer
0%
coheres
0%
cohesin
0%
cohibit
0%
cohitre
0%
cohobas
0%
cohorns
0%
cohunes
0%
coifing
0%
coignys
0%
coigues
0%
coihues
0%
coition
0%
cojoins
0%
cojones
0%
cojuror
0%
cokiest
0%
colanes
0%
Colbies
0%
colchas
0%
coldbar
0%
coleads
0%
colegio
0%
coletas
0%
coletit
0%
colical
0%
colicin
0%
colicky
0%
Colinus
0%
colitic
0%
colitis
0%
collabo
0%
colleen
0%
Collery
0%
collets
0%
colloid
0%
collops
0%
collyba
0%
colobia
0%
colobin
0%
colobus
0%
colomba
0%
colombo
0%
colosse
0%
colossi
0%
colosso
0%
coloury
0%
colpate
0%
colpeos
0%
Colpoda
0%
coltans
0%
coltish
0%
coluber
0%
colugos
0%
colulus
0%
columbo
0%
columna
0%
colures
0%
Colutea
0%
colwort
0%
colytic
0%
colyums
0%
comaker
0%
comales
0%
comarca
0%
comarts
0%
comates
0%
comatic
0%
combats
0%
combier
0%
combite
0%
combles
0%
comboys
0%
combust
0%
comedia
0%
cometic
0%
comfrey
0%
Comices
0%
cominos
0%
cominto
0%
comique
0%
comital
0%
comitat
0%
comitia
0%
comitje
0%
commata
0%
commems
0%
commerz
0%
commish
0%
commodo
0%
commots
0%
commove
0%
communa
0%
Comobos
0%
Comoran
0%
Comoxes
0%
compage
0%
compeer
0%
compend
0%
complot
0%
compone
0%
compony
0%
comport
0%
compreg
0%
compted
0%
compter
0%
comptie
0%
Compton
0%
comquat
0%
Comsats
0%
comsymp
0%
Comtean
0%
Comtian
0%
Comtism
0%
Comtist
0%
conacre
0%
conaria
0%
conatus
0%
Concato
0%
conchae
0%
conchal
0%
conchas
0%
conchie
0%
conchos
0%
concion
0%
condies
0%
condign
0%
condite
0%
condyle
0%
conelet
0%
conflab
0%
conflow
0%
conflux
0%
confute
0%
congees
0%
congius
0%
congoni
0%
congous
0%
congree
0%
congrio
0%
Conibos
0%
Conidae
0%
conidia
0%
coniine
0%
coniums
0%
conject
0%
conjury
0%
conkies
0%
conlang
0%
connach
0%
connate
0%
connies
0%
conoids
0%
conopid
0%
consarn
0%
consols
0%
conspue
0%
constat
0%
contemn
0%
conteur
0%
contoid
0%
contund
0%
conubia
0%
conules
0%
conures
0%
conveth
0%
convoke
0%
coobahs
0%
cooccur
0%
Coohees
0%
cookees
0%
cooktop
0%
coolish
0%
coolths
0%
coombes
0%
coonass
0%
coonier
0%
coontie
0%
cooried
0%
coories
0%
coosers
0%
coowned
0%
coowner
0%
copaene
0%
copaiba
0%
copains
0%
Copaiva
0%
copalms
0%
coparts
0%
coparty
0%
copecks
0%
Copehan
0%
copeman
0%
copemen
0%
copepod
0%
copihue
0%
copists
0%
coppled
0%
coprose
0%
copsing
0%
Coptics
0%
copulae
0%
copular
0%
copyboy
0%
copycat
0%
copyfit
0%
copyism
0%
copyman
0%
copymen
0%
coquets
0%
coquina
0%
coquita
0%
coquito
0%
Coracii
0%
corails
0%
coralla
0%
coranto
0%
corbans
0%
corbeau
0%
corbeil
0%
corbels
0%
corbies
0%
corbina
0%
corcass
0%
corcirs
0%
cordage
0%
cordite
0%
Cordula
0%
corebox
0%
coreids
0%
corella
0%
coremia
0%
Corfiot
0%
corials
0%
corinne
0%
coritas
0%
corival
0%
corixid
0%
corkage
0%
corkite
0%
cormels
0%
cormoid
0%
cormose
0%
cormous
0%
cornada
0%
cornein
0%
cornett
0%
corneum
0%
cornify
0%
cornily
0%
cornins
0%
cornrow
0%
cornual
0%
cornuda
0%
cornule
0%
cornute
0%
cornuto
0%
Coroado
0%
corojos
0%
corolla
0%
coronae
0%
coronal
0%
coronel
0%
coronia
0%
coronis
0%
corosos
0%
corozos
0%
corrade
0%
corrida
0%
corrody
0%
corsacs
0%
corsaks
0%
corsive
0%
corslet
0%
cortile
0%
cortili
0%
cortine
0%
cortins
0%
corucos
0%
coruler
0%
Corunna
0%
corvees
0%
corvina
0%
corvoid
0%
Corylus
0%
corymbs
0%
Corypha
0%
coryzal
0%
coryzas
0%
cosaque
0%
coscets
0%
coseism
0%
coshery
0%
cosmine
0%
cosmism
0%
cosmist
0%
cosmoid
0%
Cossack
0%
cossids
0%
costard
0%
Costata
0%
costate
0%
costean
0%
costeen
0%
costful
0%
costive
0%
costrel
0%
costula
0%
costule
0%
cotarii
0%
coteaux
0%
coteens
0%
cothurn
0%
cotices
0%
cotidal
0%
cotijas
0%
cotinga
0%
Cotinus
0%
cotised
0%
cotises
0%
cotland
0%
cotoins
0%
Cotonam
0%
cotrine
0%
cottars
0%
cottice
0%
cottids
0%
cottier
0%
cottise
0%
cottrel
0%
cotulas
0%
cotwals
0%
cotylar
0%
cotylas
0%
cotyles
0%
cotypes
0%
coucals
0%
Coueism
0%
cougnar
0%
couhage
0%
couldst
0%
coulees
0%
couleur
0%
coulier
0%
couloir
0%
coulomb
0%
coulter
0%
countor
0%
coupage
0%
coupist
0%
courant
0%
courbed
0%
courges
0%
courida
0%
courlan
0%
coutels
0%
couther
0%
couthie
0%
coutils
0%
couture
0%
couvade
0%
couvert
0%
couxias
0%
couxios
0%
covines
0%
cowages
0%
cowbane
0%
cowbind
0%
cowbird
0%
cowdies
0%
Cowdria
0%
cowedly
0%
coweens
0%
cowfish
0%
cowgate
0%
cowgram
0%
cowhage
0%
cowhand
0%
cowheel
0%
cowherb
0%
cowherd
0%
cowiest
0%
cowitch
0%
cowpats
0%
cowpeas
0%
cowries
0%
cowroid
0%
cowrote
0%
cowshed
0%
cowskin
0%
cowslip
0%
cowsons
0%
coxcomb
0%
coxiest
0%
coxites
0%
coxitis
0%
coxless
0%
coydogs
0%
coyness
0%
coynyes
0%
cozened
0%
cozener
0%
cozonal
0%
crabbit
0%
crabman
0%
crabmen
0%
cracket
0%
cracowe
0%
craggan
0%
craichy
0%
craigie
0%
craisey
0%
crakowe
0%
crakows
0%
cramasy
0%
crambed
0%
crambes
0%
crambid
0%
cramble
0%
Crambus
0%
crammel
0%
crampet
0%
crampit
0%
cranage
0%
crances
0%
Crangon
0%
craniad
0%
crankum
0%
crannog
0%
cranses
0%
crapaud
0%
crapier
0%
crapola
0%
cratons
0%
craunch
0%
cravoes
0%
crawked
0%
craylet
0%
creachy
0%
creaghs
0%
creaght
0%
creance
0%
creasol
0%
creatic
0%
credent
0%
creeshy
0%
cremini
0%
crenate
0%
crenele
0%
crenels
0%
crenula
0%
creoles
0%
creosol
0%
crepons
0%
cresols
0%
cresset
0%
cresson
0%
cresyls
0%
Cretans
0%
cretics
0%
cretify
0%
crewels
0%
crewman
0%
crewmen
0%
criblee
0%
cribral
0%
cricoid
0%
Crimean
0%
crimini
0%
criminy
0%
crinets
0%
crining
0%
crinion
0%
crinite
0%
crinoid
0%
crinums
0%
criolla
0%
criollo
0%
cripser
0%
crisply
0%
crissal
0%
crisset
0%
crissum
0%
cristae
0%
cristas
0%
critize
0%
crizzle
0%
Croatan
0%
crocard
0%
Crocean
0%
Crocein
0%
croches
0%
Crocian
0%
crocins
0%
Crocuta
0%
croised
0%
croises
0%
Croixan
0%
crojack
0%
crombec
0%
crooded
0%
croodle
0%
crooken
0%
crooled
0%
croomia
0%
cropman
0%
cropmen
0%
croquis
0%
crosier
0%
crosnes
0%
crossly
0%
crotala
0%
crotalo
0%
crotals
0%
crotins
0%
crotons
0%
crotyls
0%
croupon
0%
Crouzon
0%
crowdie
0%
crowhop
0%
crowled
0%
crownet
0%
crowtoe
0%
crozers
0%
crozier
0%
crozing
0%
crucian
0%
crudity
0%
crudled
0%
crudles
0%
cruelty
0%
cruisie
0%
cruives
0%
cruller
0%
crumena
0%
crumens
0%
crummie
0%
crunkle
0%
crusado
0%
crusies
0%
crusily
0%
crustae
0%
crustas
0%
crutter
0%
cruzado
0%
Cruzans
0%
crybaby
0%
cryogen
0%
cryonic
0%
cryosel
0%
crypsis
0%
cryptal
0%
crypted
0%
cryptic
0%
cryptid
0%
cryptos
0%
crysals
0%
csardas
0%
ctenoid
0%
Cthulhu
0%
cuandos
0%
cuartel
0%
cuatros
0%
cubages
0%
Cubanos
0%
cubbish
0%
cubelet
0%
cuberas
0%
CubeSat
0%
cubisms
0%
cubital
0%
cubitus
0%
cuchias
0%
cucujid
0%
cucujos
0%
cuculla
0%
cuculli
0%
Cuculus
0%
Cucumis
0%
cucurbs
0%
cudbear
0%
cuddens
0%
cuddies
0%
cudweed
0%
cueists
0%
cuerdas
0%
cuestas
0%
cuffins
0%
cuiejos
0%
cuishes
0%
cuisine
0%
cuisses
0%
cuittle
0%
culasse
0%
culches
0%
culdees
0%
culexes
0%
culgees
0%
culicid
0%
Culinos
0%
cullage
0%
cullets
0%
cullied
0%
cullies
0%
cullion
0%
culmens
0%
Culmide
0%
culmina
0%
culotte
0%
culpeos
0%
culprit
0%
cultish
0%
cultism
0%
cultual
0%
culvers
0%
culvert
0%
Cumacea
0%
cumalin
0%
cumaras
0%
cumarin
0%
cumarus
0%
cumbent
0%
cumenes
0%
cumenyl
0%
cumfrey
0%
cuminol
0%
cuminyl
0%
cummock
0%
cumoyls
0%
cumquat
0%
cumshaw
0%
cumular
0%
cumulus
0%
cundies
0%
cuneate
0%
cunette
0%
Cunonia
0%
cunyies
0%
cunzies
0%
cuorins
0%
cupalos
0%
Cupania
0%
cupeled
0%
Cupenos
0%
cupidon
0%
cupiuba
0%
cupless
0%
cuplike
0%
cupmate
0%
cupolas
0%
cupolos
0%
cuprene
0%
cuprite
0%
cuproid
0%
cuprous
0%
cuprums
0%
cupseed
0%
cupsful
0%
cupulae
0%
cupules
0%
cupulos
0%
curably
0%
curacao
0%
curacas
0%
curacoa
0%
curares
0%
curaris
0%
curatic
0%
curbash
0%
curbier
0%
curches
0%
curchie
0%
curcuma
0%
curdier
0%
Curetes
0%
curette
0%
curials
0%
curiara
0%
curines
0%
curiosa
0%
curioso
0%
curites
0%
curiums
0%
curlews
0%
curlily
0%
curneys
0%
curnies
0%
curnock
0%
curpins
0%
curples
0%
currach
0%
currack
0%
curragh
0%
currans
0%
currant
0%
currish
0%
cursive
0%
curster
0%
curtate
0%
curtest
0%
curtesy
0%
Curtice
0%
curubas
0%
curupay
0%
cururos
0%
curvets
0%
curvity
0%
cuscusu
0%
Cuscuta
0%
cushags
0%
cushats
0%
cushaws
0%
cushily
0%
Cushite
0%
cuspate
0%
cuspule
0%
cussers
0%
custock
0%
custode
0%
custodi
0%
custody
0%
customs
0%
custrel
0%
cutaway
0%
cutback
0%
cutbank
0%
cutdown
0%
Cuthean
0%
cutises
0%
cutlash
0%
cutlets
0%
cutline
0%
cutling
0%
cutlips
0%
cutoffs
0%
cutouts
0%
cutover
0%
cuttage
0%
cutteau
0%
cutties
0%
cutweed
0%
cutwork
0%
cutworm
0%
cuvette
0%
cyanate
0%
cyanean
0%
cyanide
0%
cyanine
0%
cyanins
0%
cyanite
0%
cyanize
0%
cyanope
0%
cyanose
0%
Cyathea
0%
cyathia
0%
cyathus
0%
cycasin
0%
cyclane
0%
cyclase
0%
cyclene
0%
cyclery
0%
Cycliae
0%
cyclian
0%
cyclins
0%
cyclise
0%
cyclist
0%
cyclize
0%
cycloid
0%
cyclopy
0%
Cydippe
0%
Cydonia
0%
cygnets
0%
cylices
0%
cymarin
0%
cymatia
0%
cymbala
0%
cymbids
0%
Cymbium
0%
cymblin
0%
cymelet
0%
cymenes
0%
cymling
0%
Cymrics
0%
cymrite
0%
cymules
0%
cynipid
0%
cynisms
0%
Cynodon
0%
Cynomys
0%
Cynthia
0%
Cyperus
0%
Cypraea
0%
cypress
0%
Cyprian
0%
cyprids
0%
cyprine
0%
cypsela
0%
cyrilla
0%
Cyromys
0%
cystica
0%
cystids
0%
cystine
0%
cystoid
0%
cystoma
0%
cystous
0%
cytases
0%
Cytinus
0%
cytisus
0%
cytodes
0%
cytomes
0%
cytosol
0%
cytozoa
0%
czardas
0%
czardom
0%
czarish
0%
czarism
0%
czarist
0%
No matching quizzes found
Score Distribution
Percent of People with Each Score
Percentile by Number Answered
Your Score History
You have not taken this quiz